Ako čeliť konkurencii ? Nápadmi a úprimnosťou !

Rozhovor s Milošom Tomanom, autorom koncepcie intuitívneho marketingu, ktorý predstavuje nové príležitosti najmä pre menšie firmy. Kľúčová zásada intuitívneho marketingu - Myslite na to, komu môžete prospieť, nie komu môžete predať.

Gespeichert in:
Bibliographische Detailangaben
1. Verfasser: Môciková, Renata
Weitere Verfasser: Toman, Miloš
Format: Buchkapitel
Sprache:Slowakisch
Schlagworte:
Tags: Tag hinzufügen
Keine Tags, Fügen Sie das erste Tag hinzu!

MARC

LEADER 00000naa$a2200000$$$4500
001 0041777
005 20231107124126.1
041 0 |a slo 
044 |a SK 
245 1 0 |a Ako čeliť konkurencii ? Nápadmi a úprimnosťou !  |c Renata Môciková, Miloš Toman 
520 |a Rozhovor s Milošom Tomanom, autorom koncepcie intuitívneho marketingu, ktorý predstavuje nové príležitosti najmä pre menšie firmy. Kľúčová zásada intuitívneho marketingu - Myslite na to, komu môžete prospieť, nie komu môžete predať. 
610 2 0 |a marketing 
610 2 0 |a stratégia marketingová 
610 2 0 |a podnik malý 
100 1 |a Môciková, Renata 
700 1 |a Toman, Miloš